| 000 | 00716nam a22002177a 4500 | ||
|---|---|---|---|
| 999 |
_c9549 _d9549 |
||
| 001 | 9549 | ||
| 003 | OSt | ||
| 005 | 20180319123747.0 | ||
| 008 | 180319b1967 bg ||||| |||| 00| 0 ben d | ||
| 035 | _a(BD-JhCC)9549 | ||
| 040 |
_aBD-JhCC _dBD-JhCC |
||
| 041 | _aben | ||
| 082 |
_a340.97 _bKAS 1967 |
||
| 100 | _aকাসেম, প্রিন্সিপাল আবুল | ||
| 245 |
_aইসলামী রাষ্ট্রনীতি / _cপ্রিন্সিপাল আবুল কাসেম |
||
| 260 |
_aঢাকা : _bপাকিস্তান তমদ্দুন মজলিস _c1967. |
||
| 300 |
_a123 p. : _c21 cm. |
||
| 650 | _aIslamic Law | ||
| 942 |
_2ddc _cBK |
||